00642nam a2200205 a 450000100100000000500170001000800410002702000150006804000250008308200200010810000180012824500730014626000410021930000210026049000190028150000370030050400530033765000270039083000190041700000893520240412074208.0090921s1989 dr 001 0 spa d a9802140392 aDO-SdBNPbspacBNPHU aRD860.62bF289p1 aFebres, Laura10aPedro Henríquez Ureña :bcrítico de América /cLaura Febres. aCaracas, :bLa Casa de Bello,c1989. a168 p. ;c23 cm.1 aZona tórrida aIncluye notas al pie de página aIncluye referencias bibliográficas [p.153-165] 0aLiteratura dominicana. 0azona tórrida